<?xml version="1.0" encoding="UTF-8"?><?xml-stylesheet type="text/xsl" href="static/style.xsl"?><OAI-PMH xmlns="http://www.openarchives.org/OAI/2.0/" xmlns:xsi="http://www.w3.org/2001/XMLSchema-instance" xsi:schemaLocation="http://www.openarchives.org/OAI/2.0/ http://www.openarchives.org/OAI/2.0/OAI-PMH.xsd"><responseDate>2026-04-13T01:33:53Z</responseDate><request verb="GetRecord" identifier="oai:www.recercat.cat:2099.1/20586" metadataPrefix="marc">https://recercat.cat/oai/request</request><GetRecord><record><header><identifier>oai:recercat.cat:2099.1/20586</identifier><datestamp>2025-07-22T21:46:58Z</datestamp><setSpec>com_2072_1033</setSpec><setSpec>col_2072_452951</setSpec></header><metadata><record xmlns="http://www.loc.gov/MARC21/slim" xmlns:dcterms="http://purl.org/dc/terms/" xmlns:xsi="http://www.w3.org/2001/XMLSchema-instance" xmlns:doc="http://www.lyncode.com/xoai" xsi:schemaLocation="http://www.loc.gov/MARC21/slim http://www.loc.gov/standards/marcxml/schema/MARC21slim.xsd">
   <leader>00925njm 22002777a 4500</leader>
   <datafield ind2=" " ind1=" " tag="042">
      <subfield code="a">dc</subfield>
   </datafield>
   <datafield ind2=" " ind1=" " tag="720">
      <subfield code="a">Cófredes Jaureguizar, Miguel Ángel</subfield>
      <subfield code="e">author</subfield>
   </datafield>
   <datafield ind2=" " ind1=" " tag="260">
      <subfield code="c">2014-01-08</subfield>
   </datafield>
   <datafield ind2=" " ind1=" " tag="520">
      <subfield code="a">En l’actualitat ens trobem rodejats de tota mena d’aparells que utilitzen noves&#xd;
tecnologies (impensables fa dècades) que ens ajuden a dur a terme activitats&#xd;
cada cop més complexes i on entre d’altres utilitats, han revolucionat el món de&#xd;
l’oci i l’entreteniment de les persones.&#xd;
En aquest projecte s’ha fet ús d’aquestes noves tecnologies que tenim al nostre&#xd;
abast per realitzar una aplicació per un dispositiu mòbil (amb sistema operatiu&#xd;
Android). Dintre de les possibles aplicacions existents, s’ha dissenyat un&#xd;
videojoc, on gràcies a l’aparició dels coneguts Smartphones (telèfons&#xd;
intel·ligents), s’han convertit en un mercat en expansió, de fàcil accessibilitat i&#xd;
amb uns beneficis molt interessants.&#xd;
Al llarg d’aquest informe es situa al lector dintre d’aquest món i s’explica tot el&#xd;
procés de creació d’aquesta aplicació, juntament amb els problemes trobats i les&#xd;
possibles millores.</subfield>
   </datafield>
   <datafield tag="653" ind2=" " ind1=" ">
      <subfield code="a">Àrees temàtiques de la UPC::Enginyeria de la telecomunicació</subfield>
   </datafield>
   <datafield tag="653" ind2=" " ind1=" ">
      <subfield code="a">Cellular telephone systems</subfield>
   </datafield>
   <datafield tag="653" ind2=" " ind1=" ">
      <subfield code="a">Telefonia mòbil -- Programari</subfield>
   </datafield>
   <datafield tag="653" ind2=" " ind1=" ">
      <subfield code="a">Videojocs</subfield>
   </datafield>
   <datafield ind2="0" ind1="0" tag="245">
      <subfield code="a">Desenvolupament d'un videojoc per telèfon mòbil</subfield>
   </datafield>
</record></metadata></record></GetRecord></OAI-PMH>